[Event "Praia op 1st"]
[Site "Praia a Mare"]
[Date "2007.04.07"]
[Round "5"]
[White "Alagia, Pietro"]
[Black "Mitkov, Kalin"]
[Result "1-0"]
[WhiteElo "1658"]
[BlackElo "1440"]
[PlyCount "121"]
[EventDate "2007.04.05"]
[EventType "swiss"]
[EventRounds "5"]
[EventCountry "ITA"]
[SourceTitle "EXT 2023"]
[Source "ChessBase"]
[SourceDate "2022.10.05"]
[SourceVersion "1"]
[SourceVersionDate "2022.10.05"]
[SourceQuality "1"]

1. e4 c5 2. d4 cxd4 3. Qxd4 Nc6 4. Qd1 Nf6 5. Nc3 e6 6. Bd3 a6 7. a4 Bb4 8. Bd2 Qc7 9. Nge2 Bc5 10. 0-0 Ng4 11. Ng3 Nce5 12. Be2 Nf6 13. Re1 Qb6 14. Nh1 0-0 15. a5 Qa7 16. Na4 Nxe4 17. Nxc5 Nxc5 18. Bxa6 Qxa6 19. Rxe5 d5 20. Bb4 Nd7 21. Re3 Re8 22. Ng3 b6 23. Bc3 Qc4 24. Nf5 Qc7 25. Nxg7 Qd8 26. Nxe8 Qxe8 27. Qg4+ Kf8 28. Qb4+ Qe7 29. Qg4 Nf6 30. Qf4 Ne4 31. Qh6+ Ke8 32. Qxh7 Kd7 33. Be1 Bb7 34. b4 Ng5 35. Qd3 Qd6 36. a6 Rh8 37. h3 Ba8 38. Qb5+ Ke7 39. a7 Ne4 40. Ra6 d4 41. Rd3 Bc6 42. Qxb6 Qd5 43. Qxc6 Qxc6 44. Rxc6 e5 45. b5 Kd7 46. Ba5 Nd6 47. Rc7+ Ke6 48. Rc6 Kd5 49. Rxd6+ Kxd6 50. b6 Kc6 51. Rf3 Rf8 52. Rf6+ Kb7 53. Bb4 Rc8 54. Ba5 Rf8 55. Rd6 f6 56. Rd7+ Ka8 57. Bb4 Re8 58. Bc5 Rb8 59. axb8Q+ Kxb8 60. Bd6+ Kc8 61. Ra7 1-0